000
00314 a2200133 4500
005
20250629094444.0
020
_a
0-8273-4848-7
082
_a
658.8 HUS
100
_a
HUSTED, S. W.
245
_a
Marketing Fundamentals
300
_a
xvii,567p.; ill.; picture
_b
Index
_c
25cm
700
_a
VARBLE, D.
942
_2
ddc
_c
BKS
999
_c
6238
_d
6238